| 000 | 01705cam a2200409 a 4500 | ||
|---|---|---|---|
| 001 | 18153892 | ||
| 003 | OSt | ||
| 005 | 20230307121439.0 | ||
| 008 | 140516s2014 nyua b 001 0 eng d | ||
| 010 | _a 2014940942 | ||
| 015 |
_aGBB474738 _2bnb |
||
| 016 | 7 |
_a016794864 _2Uk |
|
| 020 | _a1493947805 | ||
| 035 | _a(OCoLC)ocn859180312 | ||
| 040 |
_aBTCTA _beng _cBTCTA _dUKMGB _dYDXCP _dNAM _dOCLCF _dDLC |
||
| 042 | _alccopycat | ||
| 050 | 0 | 0 |
_aLB1028.3 _b.R43 2014 |
| 245 | 0 | 0 |
_aResearch on e-learning and ICT in education : _btechnological, pedagogical and instructional perspectives / _cedited by Charalampos Karagiannidis, Panagiotis Politis, & Ilias Karasavvidis |
| 260 |
_aNew York : _bSpringer Verlag, _c2014. |
||
| 300 | _axxi, 314 p. | ||
| 336 |
_atext _btxt _2rdacontent |
||
| 337 |
_aunmediated _bn _2rdamedia |
||
| 504 | _aIncludes bibliographical references and index. | ||
| 650 | 0 | _aEducational technology. | |
| 650 | 0 | _aComputer-assisted instruction. | |
| 650 | 7 |
_aEducational technology. _2fast _0(OCoLC)fst00903623 |
|
| 700 | 1 |
_aKaragiannidis, Charalampos, _eeditor. |
|
| 700 | 1 |
_aPolitis, Panagiotis, _eeditor. |
|
| 700 | 1 |
_aKarasavvidis, Ilias, _eeditor. |
|
| 856 | 4 | 2 |
_3Contributor biographical information _uhttp://www.loc.gov/catdir/enhancements/fy1607/2014940942-b.html |
| 856 | 4 | 2 |
_3Publisher description _uhttp://www.loc.gov/catdir/enhancements/fy1607/2014940942-d.html |
| 856 | 4 | 1 |
_3Table of contents only _uhttp://www.loc.gov/catdir/enhancements/fy1607/2014940942-t.html |
| 906 |
_a7 _bcbc _ccopycat _d2 _eepcn _f20 _gy-gencatlg |
||
| 942 |
_2lcc _cBK |
||
| 999 |
_c20030 _d20029 |
||